Communication electronics : principles and applications /

Introduction to electronic communications. Amplitude modulation and single-sideband modulation. Amplitude modulation circuits. Frequency modulation. Frequency modulation circuits. Radio transmitters. Communications receivers. Multiplexing. Antennas, transmission lines, and radio wave propagation...

Guardado en:
Detalles Bibliográficos
Autor principal: Frenzel, Louis E.
Formato: Libro
Lenguaje:English
Publicado: New York : Glencoe/McGraw-Hill, 1999.
Edición:3rd ed.
Materias:
Etiquetas: Agregar Etiqueta
Sin Etiquetas, Sea el primero en etiquetar este registro!
Thư viện lưu trữ: Mạng thư viện Đại học Đà Nẵng
LEADER 01261cam a2200373 i 4500
001 000047545
003 7231
005 20030312153236.0
008 010324|1999 vm 000 eng
020 |a 0071183043 
040 |a IRC  |c IRC  |d IRC 
041 0 |a eng 
082 1 4 |a 621.382  |b FR-L 
100 1 |a Frenzel, Louis E. 
245 0 0 |a Communication electronics :  |b principles and applications /  |c Louis E. Frenzel. 
250 |a 3rd ed. 
260 |a New York :  |b Glencoe/McGraw-Hill,  |c 1999. 
300 |a 532 p. :  |b ill. ;  |c 26.5cm. 
520 3 |a Introduction to electronic communications. Amplitude modulation and single-sideband modulation. Amplitude modulation circuits. Frequency modulation. Frequency modulation circuits. Radio transmitters. Communications receivers. Multiplexing. Antennas, transmission lines, and radio wave propagation... 
630 0 4 |a Electronics. 
630 0 4 |a Telecommunication systems. 
650 0 4 |a Electronics. 
650 0 4 |a Radio  |x Receivers. 
650 0 4 |a Telecommunications. 
OWN |a DUT 
999 |a From the UDN01 
TYP |a Monograph 
TYP |a Printed language 
980 |a Mạng thư viện Đại học Đà Nẵng